000 00469nam a22001812 4500
001 0000005643
005 20151217160110.0
008 070620s xx 000 0 eng d
040 _aKABU
_cKABU
050 0 _aPZ90
_b.S94K6M38
100 1 _aKola, Pamela.
_@0000156809
245 1 0 _aMauti yalianza lini?.
260 _aNairobi :
_bEAEP,
_c1994.
300 _a25 p.
908 _a070620
950 _@1
999 _c14211
_d14211